Größte Stadt beginnend mit H in Diesem Land - Statistiken

Allgemein
  • Dieses Quiz wurde 342 mal gespielt
  • Das Durchschnittsergebnis liegt bei 7 aus 15
Antwortstatistiken
Land H-Stadt % Korrekt
Deutschland Hamburg
95%
Kuba Havanna
92%
Finnland Helsinki
92%
Vereinigte Staaten Houston
75%
Vietnam Ho Chi Minh-Stadt
71%
Simbabwe Harare
67%
Japan Hiroshima
52%
Australien Hobart
37%
Indien Hyderabad
36%
Schweden Helsingborg
29%
Kanada Hamilton
22%
China Hangzhou
17%
Dänemark Helsingør
15%
Somalia Hargeisa
4%
Thailand Hua Hin
3%
Keine übereinstimmenden Quizze gefunden
Verteilung der Resultate
Anzahl Personen mit jedem Resultat
Perzentil nach korrekt beantworteten Fragen
Ihre Resultats-Entwicklung
Sie haben dieses Quiz noch nicht gespielt